El BID en América Latina : (Registro nro. 12132)

Detalles MARC
000 -LEADER
fixed length control field 02734cam a22003614a 4500
003 - CONTROL NUMBER IDENTIFIER
control field OSt
005 - DATE AND TIME OF LATEST TRANSACTION
control field 20210804160803.0
008 - FIXED-LENGTH DATA ELEMENTS--GENERAL INFORMATION
fixed length control field 090923s2009 ck a b 000 0 spa
010 ## - LIBRARY OF CONGRESS CONTROL NUMBER
LC control number 2009481365
020 ## - INTERNATIONAL STANDARD BOOK NUMBER
International Standard Book Number 9789588341149
020 ## - INTERNATIONAL STANDARD BOOK NUMBER
International Standard Book Number 9588341140
035 ## - SYSTEM CONTROL NUMBER
System control number (BO-CbLA)la0909L4441
040 ## - CATALOGING SOURCE
Original cataloging agency DLC
Transcribing agency CO-JMCR
Modifying agency DLC
041 0# - LANGUAGE CODE
Language code of text/sound track or separate title spa
050 00 - LIBRARY OF CONGRESS CALL NUMBER
Classification number HG3881.5.I44
Item number B53 2009
082 04 - DEWEY DECIMAL CLASSIFICATION NUMBER
Classification number 332.1538 /
Item number I597b
Edition number 23
100 1# - MAIN ENTRY--PERSONAL NAME
Personal name Estrada Álvarez, Jairo,
Relator term autor
9 (RLIN) 2094
245 13 - TITLE STATEMENT
Title El BID en América Latina :
Remainder of title 50 años reproduciendo la desigualdad : campo de acción institucional, derecho, transformaciones sociales y globalización /
Statement of responsibility, etc. Jairo Estrada Álvarez, Héctor-León Moncayo, Margarita Flórez Alonso, [y otros 3]
250 ## - EDITION STATEMENT
Edition statement Primera edición
260 ## - PUBLICATION, DISTRIBUTION, ETC.
Place of publication, distribution, etc. Bogotá :
Name of publisher, distributor, etc. Instituto Latinoamericano de Servicios Legales Alternativos,
Date of publication, distribution, etc. 2009.
300 ## - PHYSICAL DESCRIPTION
Extent 102 páginas :
Other physical details ilustraciones y gráficas en blanco y negro ;
Dimensions 24 cm.
490 0# - SERIES STATEMENT
Series statement Serie Documentos ;
Volume/sequential designation 1
504 ## - BIBLIOGRAPHY, ETC. NOTE
Bibliography, etc. note Bibliografía : páginas 97-102).
505 0# - FORMATTED CONTENTS NOTE
Formatted contents note El contexto histórico de las labores del BID: autoritarismo y nuevo régimen de acumulación. -- El terrorismo de estado y los fundamentos de la economía de mercado. -- El modelo de sustitución de importaciones al modelo de apertura económica. -- El BID bajo la sombra de Estados Unidos: prescripciones de política, ortodoxia y prioridades de financiamiento. -- Tendencias observadas en América Latina: EL BID, la desigualdad, la globalización asimétrica y el desarrollo precario. -- El BID en Colombia (2003-2007). La producción de la desigualdad y la exacerbación del neoliberalismo. -- Los componentes de estrategia. -- BID 50: hacia la construcción de alternativas frente a su modelo hegemónico de desarrollo.
520 0# - SUMMARY, ETC.
Summary, etc. El Convenio constitutivo del Banco Interamericano de Desarrollo señaló hace cincuenta años que el propósito de esta institución consistía en contribuir a acelerar el proceso de desarrollo económico y social, individual y colectivo, de los países miembros regionales en vías de desarrollo. El balance, a medio siglo de la creación del BID, es cuando menos desalentador y desdeñable: En lugar de estimular el desarrollo económico y social, este banco ha estado a lo largo de su historia del lado de los poderosos, financiando la desigualdad.
610 20 - SUBJECT ADDED ENTRY--CORPORATE NAME
Corporate name or jurisdiction name as entry element Inter-American Development Bank
General subdivision History.
9 (RLIN) 39071
650 14 - SUBJECT ADDED ENTRY--TOPICAL TERM
Topical term or geographic name entry element Banco Interamericano de Desarrollo
Geographic subdivision América Latina
9 (RLIN) 39072
650 24 - SUBJECT ADDED ENTRY--TOPICAL TERM
Topical term or geographic name entry element Asistencia económica
Geographic subdivision América Latina
9 (RLIN) 39073
650 24 - SUBJECT ADDED ENTRY--TOPICAL TERM
Topical term or geographic name entry element Globalización
Geographic subdivision América Latina
9 (RLIN) 39074
700 1# - ADDED ENTRY--PERSONAL NAME
Personal name León Moncayo, Héctor-,
Relator term autor
9 (RLIN) 39075
700 1# - ADDED ENTRY--PERSONAL NAME
Personal name Flórez Alonso, Margarita,
Relator term autor
9 (RLIN) 39076
942 ## - ADDED ENTRY ELEMENTS (KOHA)
Source of classification or shelving scheme Dewey Decimal Classification
Koha item type Books
Existencias
Withdrawn status Lost status Source of classification or shelving scheme Damaged status Not for loan Home library Current library Shelving location Date acquired Source of acquisition Full call number Barcode Date last seen Copy number Price effective from Koha item type
    Dewey Decimal Classification     Biblioteca Pública José María del Castillo y Rada Biblioteca Pública José María del Castillo y Rada General Stacks 04/15/2018 Donación 332.1538 / E821b 430002454 05/16/2024 Ej.1 03/10/2021 Books